| 000 | 00522nam a22001817a 4500 | ||
|---|---|---|---|
| 005 | 20251108170829.0 | ||
| 008 | 250721s1993 xx 000 0 ara d | ||
| 082 | 1 | 4 | _aط/553.282/نفط |
| 100 | 1 | _aمطلق، البير | |
| 245 | 1 | 0 | _aالنفط / |
| 264 | 1 |
_aبيروت : _bمكتبة لبنان، _c1993. |
|
| 300 | _a32ص. | ||
| 490 | 0 | _aسلسلة كتب الفراشة | |
| 650 | 1 | 7 | _aالبترول |
| 653 | _aاطفال مرحله متوسطه ( 6 - 9 سنوا ت) | ||
| 942 |
_2ddc _cBK |
||
| 999 |
_c50009 _d50009 |
||